The World's 50 Largest Cities by Letter - Z - Statistics

General Stats
  • This quiz has been taken 666 times
  • The average score is 9 of 50
Answers on the Map
Answers color-coded by a green-red scale on the quiz's map according to % correct below.
 
Answer Stats
# Population Country Urban Area % Correct
3 2,124,246 Switzerland Zürich
98%
10 1,008,763 Croatia Zagreb
92%
20 800,329 Spain Zaragoza
86%
17 858,001 Tanzania Zanzibar City
67%
1 6,381,637 China Zhengzhou
63%
19 830,588 Ukraine Zaporizhzhia
56%
2 3,776,556 China Zibo
41%
38 345,547 Netherlands Zwolle
36%
35 405,285 Mexico Zacatecas
28%
9 1,199,377 China Zhuzhou
27%
11 980,000 Nigeria Zaria
24%
24 689,840 Philippines Zamboanga
22%
39 323,740 Ukraine Zhytomyr
21%
16 865,329 China Zhangzhou
20%
7 1,365,575 China Zunyi
17%
26 680,174 Niger Zinder
16%
8 1,297,686 China Zhanjiang
14%
29 587,730 Iran Zahedan
13%
21 792,593 China Zhangjiakou
12%
47 259,425 Senegal Ziguinchor
12%
5 1,493,810 Egypt Zagazig
11%
42 273,641 Mexico Zamora
10%
49 232,078 China Zhaoxian
10%
12 961,010 China Zhenjiang
10%
4 1,695,070 China Zaozhuang
8%
18 857,812 China Zhaoqing
8%
37 347,237 Russia Zelenograd
7%
13 925,858 China Zhoukou
7%
34 430,871 Iran Zanjan
6%
27 629,194 China Zhoushan
6%
28 627,995 China Zigong
6%
40 316,859 Libya Zliten
5%
6 1,465,479 China Zhangjiagang
4%
50 231,388 China Zhangjiajie
4%
31 506,667 China Zhaotong
4%
14 923,340 China Zhucheng
4%
15 905,850 China Zhumadian
4%
32 498,879 China Ziyang
4%
23 724,818 Iraq Zakho
3%
41 311,742 Libya Zawiya
3%
48 252,404 China Zhangye
3%
25 687,644 China Zhuji
2%
36 377,756 China Zhuozhou
2%
44 272,093 Egypt Zifta - Mit Ghamr
2%
22 729,870 China Zoucheng
2%
30 564,240 China Zhangqiu
1%
45 269,329 China Zhangshu
1%
33 466,713 China Zhaodong
1%
43 272,425 China Zhenping
1%
46 260,414 China Zunhua
1%
No matching quizzes found
Score Distribution
Percent of People with Each Score
Percentile by Number Answered
Your Score History
You have not taken this quiz